[Event "Torino 150 Italy Unity op B"]
[Site "Torino"]
[Date "2011.06.05"]
[Round "8"]
[White "Cepparrone, Daniele"]
[Black "Giacchino, Claudio"]
[Result "1/2-1/2"]
[WhiteElo "1665"]
[BlackElo "1664"]
[PlyCount "108"]
[EventDate "2011.05.31"]
[EventType "swiss"]
[EventRounds "9"]
[EventCountry "ITA"]
[SourceTitle "EXT 2024"]
[Source "ChessBase"]
[SourceDate "2023.10.10"]
[SourceVersion "1"]
[SourceVersionDate "2023.10.10"]
[SourceQuality "1"]

1. e4 e6 2. Qe2 g6 3. Nf3 d6 4. g3 Bg7 5. Bg2 Ne7 6. 0-0 Nd7 7. c3 b6 8. d4 Bb7 9. e5 d5 10. h3 Qc8 11. Be3 Ba6 12. Qe1 Bxf1 13. Qxf1 0-0 14. Nh4 c6 15. f4 Nf5 16. Nxf5 exf5 17. c4 dxc4 18. Qxc4 Qc7 19. Qxc6 Rac8 20. Qxc7 Rxc7 21. Nc3 a6 22. d5 Rfc8 23. d6 Rc4 24. Bf1 Rxc3 25. bxc3 Rxc3 26. Kf2 b5 27. Rc1 Rxc1 28. Bxc1 Kf8 29. a4 bxa4 30. Bxa6 Ke8 31. Bb5 Kd8 32. Bxa4 Nc5 33. Bb5 f6 34. Be3 Ne6 35. Bb6+ Kc8 36. d7+ Kb7 37. d8Q Nxd8 38. Bxd8 fxe5 39. fxe5 Bxe5 40. Bc4 h6 41. Bf7 g5 42. Be6 f4 43. gxf4 Bxf4 44. Be7 h5 45. Kf3 Bc1 46. Ke4 Kc7 47. Kf5 g4 48. h4 g3 49. Bd5 Kd7 50. Bg5 Bb2 51. Bf4 Ke8 52. Bxg3 Kf8 53. Kg5 Kg7 54. Kxh5 Kh8 1/2-1/2

[Event "Torino 150 Italy Unity op B"]
[Site "Torino"]
[Date "2011.06.05"]
[Round "7"]
[White "Fassio, Francesco"]
[Black "Cepparrone, Daniele"]
[Result "1/2-1/2"]
[WhiteElo "1661"]
[BlackElo "1665"]
[PlyCount "53"]
[EventDate "2011.05.31"]
[EventType "swiss"]
[EventRounds "9"]
[EventCountry "ITA"]
[SourceTitle "EXT 2024"]
[Source "ChessBase"]
[SourceDate "2023.10.10"]
[SourceVersion "1"]
[SourceVersionDate "2023.10.10"]
[SourceQuality "1"]

1. c4 Nf6 2. Nc3 g6 3. g3 Bg7 4. Bg2 0-0 5. Nf3 d6 6. d3 Nbd7 7. 0-0 e5 8. Bd2 Nh5 9. Qc1 f5 10. Bh6 Nc5 11. Bxg7 Kxg7 12. b4 Ne6 13. e3 g5 14. Ne2 g4 15. Nh4 f4 16. exf4 exf4 17. Be4 Ng5 18. f3 Nxe4 19. fxe4 f3 20. Nd4 Qf6 21. Nhf5+ Bxf5 22. Nxf5+ Kh8 23. Qe3 Rae8 24. Qf2 b6 25. Rae1 Ng7 26. Nh4 Ne6 27. Nf5 1/2-1/2

[Event "Torino 150 Italy Unity op B"]
[Site "Torino"]
[Date "2011.06.04"]
[Round "6"]
[White "Cepparrone, Daniele"]
[Black "Turini, Gianluca"]
[Result "0-1"]
[WhiteElo "1665"]
[BlackElo "1809"]
[PlyCount "48"]
[EventDate "2011.05.31"]
[EventType "swiss"]
[EventRounds "9"]
[EventCountry "ITA"]
[SourceTitle "EXT 2024"]
[Source "ChessBase"]
[SourceDate "2023.10.10"]
[SourceVersion "1"]
[SourceVersionDate "2023.10.10"]
[SourceQuality "1"]

1. e4 c6 2. Nc3 d5 3. Nf3 dxe4 4. Nxe4 Bf5 5. Ng3 Bg6 6. h4 h6 7. Ne5 Qd6 8. Nxg6 Qxg6 9. d4 Qe6+ 10. Qe2 Qxe2+ 11. Bxe2 Nf6 12. Be3 e6 13. 0-0-0 Bd6 14. Nh5 Nxh5 15. Bxh5 Nd7 16. f4 Nb6 17. Bf3 Nd5 18. Bxd5 cxd5 19. Rhf1 f5 20. g4 fxg4 21. f5 Ke7 22. Bf4 Rhf8 23. Be5 Bxe5 24. dxe5 Rxf5 0-1